[Event "Titled Tuesday intern op 2nd April"]
[Site "Chess.com INT"]
[Date "2019.04.02"]
[Round "2"]
[White "Boyer, Mahel"]
[Black "Pantev, Veselin"]
[Result "1-0"]
[WhiteElo "2342"]
[BlackElo "2393"]
[PlyCount "45"]
[EventDate "2019.04.02"]
[EventType "swiss (blitz)"]
[EventRounds "10"]
[EventCountry "USA"]
[SourceTitle "EXT 2021"]
[Source "ChessBase"]
[SourceDate "2020.10.23"]
[SourceVersion "1"]
[SourceVersionDate "2020.10.23"]
[SourceQuality "1"]

1. d4 Nf6 2. c4 e6 3. Nc3 Bb4 4. a3 Bxc3+ 5. bxc3 d6 6. f3 e5 7. e4 0-0 8. Bd3 c5 9. Ne2 Nc6 10. Be3 b6 11. 0-0 Nd7 12. Qc2 cxd4 13. cxd4 Ba6 14. Qa4 Na5 15. Rac1 exd4 16. Nxd4 Nc5 17. Qd1 Rc8 18. Be2 Qf6 19. Nf5 Rfd8 20. Bd4 Qg5 21. h4 Qh5 22. g4 Qh6 23. Nxh6+ 1-0

[Event "Titled Tuesday intern op 5th March"]
[Site "Chess.com INT"]
[Date "2019.03.05"]
[Round "4"]
[White "Pantev, Veselin"]
[Black "Oganian, Miran"]
[Result "1-0"]
[WhiteElo "2393"]
[BlackElo "2423"]
[PlyCount "111"]
[EventDate "2019.03.05"]
[EventType "swiss (blitz)"]
[EventRounds "10"]
[EventCountry "USA"]
[SourceTitle "EXT 2021"]
[Source "ChessBase"]
[SourceDate "2020.10.23"]
[SourceVersion "1"]
[SourceVersionDate "2020.10.23"]
[SourceQuality "1"]

1. d4 Nf6 2. Bf4 d5 3. e3 c5 4. c3 Nc6 5. Nd2 Bf5 6. Qb3 Qc8 7. Ngf3 e6 8. h3 h6 9. Be2 c4 10. Qd1 Be7 11. b3 b5 12. bxc4 bxc4 13. Qa4 0-0 14. 0-0 Qd7 15. Bd1 Bd6 16. Bc2 Bxf4 17. exf4 Bxc2 18. Qxc2 Rfb8 19. Rab1 Rb6 20. Rb2 Rab8 21. Rfb1 Qd6 22. Rxb6 Rxb6 23. Rxb6 axb6 24. Ne5 Nd7 25. Qb2 Ncxe5 26. fxe5 Qc6 27. Qb4 b5 28. Nb1 f6 29. exf6 Nxf6 30. Na3 Ne4 31. Nxb5 h5 32. a4 h4 33. Qb2 Qa8 34. Qb4 Qe8 35. Nd6 Nxd6 36. Qxd6 Qxa4 37. Qxe6+ Kh8 38. Qc8+ Kh7 39. Qf5+ Kh8 40. Qh5+ Kg8 41. Qxd5+ Kh7 42. Qe4+ Kg8 43. Kh2 Qb3 44. Qe8+ Kh7 45. Qh5+ Kg8 46. Qd5+ Kh7 47. Qe4+ Kg8 48. Qe3 Kf7 49. d5 Qb8+ 50. f4 Qd6 51. Qe5 Qc5 52. f5 Qf2 53. d6 g5 54. fxg6+ Kxg6 55. d7 Kh7 56. d8Q 1-0